[Event "AUT-ch U14 Girls"]
[Site "St Veit"]
[Date "2022.04.13"]
[Round "6"]
[White "Schinwald, Eva"]
[Black "Bichler, Franziska"]
[Result "1-0"]
[WhiteElo "805"]
[BlackElo "800"]
[PlyCount "23"]
[EventDate "2022.04.10"]
[EventType "swiss"]
[EventRounds "6"]
[EventCountry "AUT"]
[SourceTitle "EXT 2023"]
[Source "ChessBase"]
[SourceDate "2022.10.05"]
[SourceVersion "1"]
[SourceVersionDate "2022.10.05"]
[SourceQuality "1"]

1. e4 e5 2. Nf3 Nf6 3. d4 Nxe4 4. Nxe5 d6 5. Bd3 dxe5 6. Bxe4 exd4 7. c3 Bc5 8. 0-0 0-0 9. Qh5 Re8 10. Bg5 Qd6 11. Qxh7+ Kf8 12. Qh8# 1-0

[Event "AUT-ch U14 Girls"]
[Site "St Veit"]
[Date "2022.04.12"]
[Round "5"]
[White "Bichler, Franziska"]
[Black "Hyassat, Milana"]
[Result "1/2-1/2"]
[WhiteElo "800"]
[BlackElo "1059"]
[PlyCount "83"]
[EventDate "2022.04.10"]
[EventType "swiss"]
[EventRounds "6"]
[EventCountry "AUT"]
[SourceTitle "EXT 2023"]
[Source "ChessBase"]
[SourceDate "2022.10.05"]
[SourceVersion "1"]
[SourceVersionDate "2022.10.05"]
[SourceQuality "1"]

1. e4 c6 2. d4 d5 3. Nc3 Nd7 4. e5 Nb6 5. Bd3 g6 6. Nf3 Bf5 7. 0-0 e6 8. Bg5 Qc7 9. Bxf5 gxf5 10. a4 c5 11. a5 Nd7 12. Re1 Ne7 13. Bxe7 Bxe7 14. h4 Rg8 15. Qd2 Nb8 16. Qh6 Nc6 17. Qxh7 Rf8 18. a6 Nb4 19. Re2 Nxa6 20. Nb5 Qc6 21. Nc3 0-0-0 22. Nd1 Qe8 23. Qh6 Rh8 24. Qf4 Qb5 25. Rd2 c4 26. c3 Rdg8 27. b4 Qb6 28. Rb2 Nc7 29. Rab1 Nb5 30. Nh2 Rxh4 31. Qf3 Rgh8 32. Kf1 Rxh2 33. Qg3 Rh1+ 34. Ke2 Rxd1 35. Rxd1 Qd8 36. Rc1 Bh4 37. Qf3 Bg5 38. Rg1 Qe8 39. Qg3 Bh4 40. Qf3 Bg5 41. Qg3 Bh4 42. Qf3 1/2-1/2